000 00661cam a22002293a 4500
001 18995
003 PGUSA
005 20140828083413.0
008 060806s2006||||xxu|||||s|||||000 | eng d
040 _aPGUSA
_beng
042 _adc
050 4 _aPQ
100 1 _aUlbach, Louis,
_d1822-1889
245 1 0 _aL'île des rêves :
_bAventures d'un Anglais qui s'ennuie
_h[electronic resource] /
_cLouis Ulbach
260 _bProject Gutenberg,
_c2006
506 _aPublic domain in the USA.
516 _aElectronic text
653 _aShort stories, French
830 0 _aProject Gutenberg
_v18995
856 4 0 _uhttp://www.gutenberg.org/ebooks/18995
942 _cEB
999 _c248250
_d248250